| 000 | 00759nam a2200241 a 4500 | ||
|---|---|---|---|
| 999 |
_c2339 _d2339 |
||
| 001 | 4711 | ||
| 003 | BD-DhUAP | ||
| 005 | 20200223140243.0 | ||
| 008 | 200223s1999 nyua 001 0 eng d | ||
| 020 | _a9845123449 | ||
| 040 |
_aBD-DhUAP _cBD-DhUAP _dBD-DhUAP _bEng |
||
| 082 |
_a934 SON _223 |
||
| 245 |
_aSonargaon-Panam : _ba survey of historical monuments and sites in Bangladesh, SHMSB 003 / _cA. B. M. Husain. |
||
| 260 |
_aDhaka : _bAsiatic Society of Bangladesh, _cc1997. |
||
| 300 |
_axi, 214 pages ; _c25 cm. |
||
| 500 | _aIncludes index. | ||
| 650 | _aCities and towns -- India. | ||
| 650 | _aSociology, Urban -- India. | ||
| 700 | _aHusain, A. B. M. | ||
| 942 |
_2ddc _cBK |
||